000 01395nam a2200325 c 4500
003 BLK
005 20250422112635.0
008 180408b bul|||||r ||||||| ||bul||
010 _aKNG00083393000
020 _a978-954-431-344-9
_bиздат.: Златното пате
040 _aBLK
041 _aBUL
_cBUL
080 _aРуска литература
_b821.161.1
_x-1
_z821.161.1-1
080 _aИздания за деца и юноши. Книжки-картинки. Читанки. Вж и 372.4
_b087.5
_x
_z087.5
100 1 _aКосова, Галина Рудолфовна
_eпърви автор
_982757
700 1 _aДядо Пънч
_eпрев. на стиховете
_gПанчев, Панчо Борисов
_9365182
700 1 _aПоркшеева, М.
_eхудож.
_9262275
139 _aКосова, Галина
_bК 86
245 1 0 _aТрябва много да внимаваш!
_cГалина Рудолфовна Косова; прев. на стиховете Дядо Пънч; худож. М. Поркшеева.
257 _aRUS
260 София
_bЗлатното пате
_c2007
300 _a10 с.
_bс цв. ил.
_c20 см
380 _aDX
852 _aЦб 239775
856 4 _qpdf
_u
856 4 _qpdf
_u
942 _cKNG
_n0
_09
944 _aCR
_c21.04.2008
_k30564
_lАнна Гръцманова
944 _aED
_c03.11.2008
_k
999 _c78925
_d78925